000 01049nam0a22002651 4500
001 rc\1135366
005 20260406062821.0
035 _a(NLR Aleph) 006382301
090 _a5089070
_c5089070
100 _a20041129d1982 |||y0rusy50 ca
101 0 _arus
102 _aRU
105 _aa |||||||||
200 1 _aГаврош
_e[Отрывок из романа "Отверженные"
_eДля мл. шк. возраста]
_fВиктор Гюго
_g[Пер. с фр. и обраб. Н. Касаткиной
_gХудож. С. Бродский]
210 _aПетрозаводск
_cКарелия
_d1982
215 _a46 с.
_cцв. ил.
_d21
700 1 _8rus
_7ca
_aГюго
_bВ.
_f1802-1885
_gВиктор
_3RU\NLR\AUTH\7721605
_94666
702 1 _4730
_8rus
_7ca
_aКасаткина
_bН. Г.
_f1902-1985
_gНаталья Григорьевна
_3RU\NLR\AUTH\7764533
_947462
702 1 _aБродский
_bС.
_4440
801 0 _aRU
_bNLR
_gpsbo
801 1 _aRU
_bELAR
_2rusmarc
852 _aNLR
_j82-6/4796
942 _cBOOK
980 _aNB